| 000 | 00341 a2200109 4500 | ||
|---|---|---|---|
| 001 | ART_23936 | ||
| 005 | 20260410161932.0 | ||
| 008 | 260409a | ||
| 245 | 1 | 0 | _aLa teoría de la demanda con preferencias lexicográficas |
| 100 | 1 | _aPablo, Juan Carlos de | |
| 773 | 0 |
_tInforme _g- Año VI, Nº 42 (oct./dic. 1974) _wREV23765 |
|
| 999 |
_c28739 _d28739 |
||